000 01142cam a22003497a 4500
003 CHAP
005 20220329141650.0
008 971013s1985 r 00010 d
010 _a71871
011 _a72843
035 _a82399
040 _cCHAP
082 _a080
_bC6 v.3
100 0 0 _aAguilera, Manuel.
_92937
245 0 _aJesús Silva Herzog
260 _aMéxico, D.F. :
_bTerra Nova,
_c1985
300 _a143 p.
_b: ilus.
490 0 _aGrandes maestros mexicanos
_v; 3
590 _aBATCH-UPD
_b10
_c20130110
_lUCH01
_h0617
590 _aBATCH-UPD
_b10
_c20130410
_lUCH01
_h0259
590 _aBATCH-UPD
_b10
_c20130913
_lUCH01
_h2316
590 _aCONVERSION
_b10
_c20130109
_lUCH01
_h1339
650 1 4 _aEconomistas.
_935224
650 1 4 _aMéxico
_xHistoria
_xRevolución.
_976768
650 1 4 _aPetróleo
_zMéxico.
_987678
700 0 _aSilva Herzog, Jesús.
_9106007
710 0 _aConsejo Nacional de Recursos Para la Atención de la Juventud. México.
_927325
830 0 _aGrandes maestros mexicanos
_v; 3
_950372
901 _aBK
942 _cLIBRO
949 _a080 C6 v.3
_bBC
_cLIBRO
_d33724000304408
_eLIBRO
_h67542
_i82399
_mD.
_si
999 _c71871
_d71871